Jackman. - Jack Harlow - Statistics

General Stats
  • This quiz has been taken 11 times
  • The average score is 8 of 10
Answer Stats
Songs Plays Artists % Correct
It Can't Be 17,187,206 Jack Harlow
100%
They Don't Love It 107,182,300 Jack Harlow
100%
Ambitious 15,950,360 Jack Harlow
88%
Common Ground 41,641,329 Jack Harlow
88%
Denver 63,744,221 Jack Harlow
88%
Gang Gang Gang 14,663,940 Jack Harlow
88%
Blame On Me 26,417,278 Jack Harlow
75%
Is That Ight? 22,402,640 Jack Harlow
75%
No Enhancers 18,931,803 Jack Harlow
63%
Questions 12,181,020 Jack Harlow
63%
No matching quizzes found
Score Distribution
Percent of People with Each Score
Percentile by Number Answered
Your Score History
You have not taken this quiz